[Event "Bonn GSK"]
[Site "Bonn"]
[Date "1996.??.??"]
[Round "?"]
[White "Gurevich, Mikhail"]
[Black "Seul, Georg"]
[Result "0-1"]
[WhiteElo "2605"]
[BlackElo "2445"]
[Annotator "Baburin,A"]
[PlyCount "124"]
[EventDate "1996.08.??"]
[EventType "tourn"]
[EventRounds "12"]
[EventCountry "GER"]
[EventCategory "12"]
[SourceTitle "CBM 056"]
[Source "ChessBase"]
[SourceDate "1997.02.01"]
[SourceVersion "1"]
[SourceVersionDate "1997.02.01"]
[SourceQuality "1"]

1. d4 {King} d6 2. Nf3 Bg4 3. c4 Nd7 4. Qb3 Rb8 5. Be3 c6 6. Nbd2 Qa5 7. h3
Bxf3 8. exf3 Ngf6 9. Be2 e6 10. O-O Be7 11. Rfd1 O-O 12. Rac1 Qc7 13. Ne4 {
Perhaps, having some space advantage, White should keep more pieces on the
board, thus 13 Ne4 may not be the best idea.} d5 14. Nxf6+ Nxf6 15. c5 Nh5 16.
Re1 ({In such a pawn formation White usually tries to advance his pawn on f4
in order to stop ...e5 and then organise a pawn advance on the other flank,
using his space advantage. However, here White cannot do that as the following
line shows:} 16. g3 $2 Nxg3 $1 17. fxg3 Qxg3+ 18. Kh1 Qxh3+ 19. Kg1 Qg3+ 20.
Kh1 f5 $19) 16... Bf6 17. Bf1 e5 18. dxe5 Bxe5 19. g3 g6 20. f4 Bf6 21. Bd2
Rbe8 22. Qc2 Ng7 23. b4 Rxe1 24. Rxe1 Re8 25. Rxe8+ Nxe8 26. h4 Ng7 27. Bh3 (
27. Bd3 {King} Qe7 28. f5 Nxf5 29. Bxf5 gxf5 30. Qxf5 $11) 27... Qe7 28. Qd3
Bb2 29. Be3 $2 {King: It was still possible to play} (29. f5 $11 {King}) 29...
f5 $1 {King: With the f-pawns blockaded, Black has all the chances due to the
queenside pawn majority.} 30. Qb3 Bf6 31. Bg2 a6 32. Qd3 Kf7 33. Kf1 Ne6 34. h5
Bg7 35. hxg6+ hxg6 36. Bf3 Qf6 37. Kg2 Qc3 38. Qd2 {Black's advantage is
decisive here, as he has a protected passed pawn, while White cannot possible
create one; besides White's bishops are inefficient, being restricted by the
pawn chains.} a5 39. bxa5 Qxd2 40. Bxd2 Nxc5 41. Kf1 Ne4 42. Be1 c5 43. g4 Ke6
44. gxf5+ gxf5 45. Bd1 c4 46. Bb4 d4 47. Ba4 d3 48. Bb5 Kd5 49. a6 bxa6 50.
Bxa6 Nc3 51. Bb7+ Kd4 52. Ke1 Nxa2 53. Bd2 Kc5 54. Bc8 Bc3 55. Bxc3 Nxc3 56.
Bxf5 Kd4 57. Be6 Ne4 58. f3 Nc5 59. f5 c3 60. Kd1 Ke3 61. Bc4 c2+ 62. Kc1 Kd4
0-1

[Event "San Roque"]
[Site "San Roque"]
[Date "1996.??.??"]
[Round "5"]
[White "Garcia Ilundain, David"]
[Black "Ehlvest, Jaan"]
[Result "0-1"]
[WhiteElo "2550"]
[BlackElo "2660"]
[Annotator "Bangiev,A"]
[PlyCount "78"]
[EventDate "1996.02.??"]
[EventType "tourn"]
[EventRounds "9"]
[EventCountry "ESP"]
[EventCategory "11"]
[SourceTitle "CBM 057"]
[Source "ChessBase"]
[SourceDate "1997.04.01"]
[SourceVersion "1"]
[SourceVersionDate "1997.04.01"]
[SourceQuality "1"]

1. d4 {Ribli} g6 2. c4 Bg7 3. Nf3 d6 4. g3 {Es ist für mich schwer das zu
sagen - weil ich in meiner Turnierpraxis die g3-Variante gegen die
Königsindische Verteidigung mit Weiß oft gespielt habe -, aber diese Zugfolge
hat für Weiß einige Nachteile. Schwarz nutzt aus, daß sein Springer auf g8
noch nicht entwickelt ist, und beginnt sofort eine Aktionen im Zentrum. Ribli.}
c5 5. Bg2 (5. d5 {Ribli} b5 $5) 5... Nc6 6. dxc5 $6 (6. d5 $142 Na5 (6... Qa5+
$5 7. Bd2 Nb4) 7. O-O {-> Survey} (7. O-O {Ribli} a6 8. Nbd2 b5 9. Qc2 Nf6 10.
e4 O-O 11. Re1 Rb8 $11 {Stangl,M-Bischoff,K/Brno/1992/})) 6... Qa5+ {Das ist
eine Lieblingsvariante von Ehlvest.Ribli.} 7. Nfd2 (7. Nc3 $6 Bxc3+ $1 {
In solchen Stellungen ist es immer wichtig das Manöver Nc3-d5 nicht zuzulassen.
}) (7. Bd2 $6 Qxc5 $15) (7. Nbd2 {Ribli} Qxc5 $11 8. O-O (8. Rb1 Nf6 $1 (8...
Bf5 9. e4) (8... Qh5 $6 9. h3)) 8... Qh5 {Und Schwarz hat in Verbindung mit
Bh3 ein bequemes Spiel.} (8... Nf6 9. b3 Qh5 10. Bb2 O-O 11. Re1 Rd8 12. Qc2
Bh3 13. Rad1 Rac8 14. Qb1 a6 $13 {Tukmakov,V-Ehlvest,J/Biel SKA/1996/})) 7...
Qxc5 8. O-O Qh5 $5 {Mit diesem Zug verbindet Schwarz den folgenden Plan: durch
Bc8-h3 wird der weißfeldrige Läufer auf g2 getauscht, was zur Schwächung der
weißen Felder im Lager des Weißen führen wird, vor allem des Bauern auf c4. Es
erlaubt dem Schwarzen, mit dem Angriff auf den c-Bauern zu beginnen.
Gleichzeitig erschwert der Läufer auf g7 den Zug b2-b3. Es ist interessant,
daß Schwarz schon im 8.Zug die besseren Chancen hat. Seine Drohung ist es, Bh3
zu spielen, den weißfeldrigen Läufer aus der großen Diagonale zu tauschen und
mit der Unterstützung seines Bg7 ein aktives Spiel am Damenflügel aufzuziehen.
Ribli.} 9. Ne4 {/\Nbc3-d5} (9. Nc3 Bxc3 $5 10. bxc3 Nf6 $132) (9. e3 {Ribli})
9... Nf6 $1 {Der stärkste Zug. Verhindert das Manöver Nc3-d5.} 10. Nbc3 Nxe4 $5
11. Nxe4 (11. Bxe4 Bxc3 12. bxc3 O-O $15) 11... Bh3 12. Ng5 (12. Bxh3 Qxh3 13.
Ng5 Qg4 {Game}) (12. Qd5 Qxd5 13. cxd5 Bxg2 14. Kxg2 Nb4 15. Rd1 Rc8 $15) (12.
Bd2 {Ribli} O-O (12... Bxb2 13. Rb1 Bg7 14. Rxb7 O-O) 13. Bc3) (12. e3 {Ribli}
Qxd1 13. Rxd1 Bxg2 (13... Be6 14. c5) (13... Bg4 $5 14. f3 Bf5) 14. Kxg2 Na5
15. c5 f5 16. Ng5 dxc5 17. Ne6 Kf7 18. Nxg7 (18. Nxc5 Rhd8) 18... Kxg7 19. Bd2
Nc6 20. Bc3+ e5 21. Rd7+) 12... Bxg2 13. Kxg2 Qg4 $5 (13... Rc8 14. h3 O-O $15)
14. Qd5 (14. Qc2 h6 15. Nf3 Rc8 $15) 14... O-O 15. Nf3 Rfc8 (15... Rac8 $5) 16.
h3 {Weiß ist immer in Nachteil. Es ist nicht so leicht für ihn, seine
Problemen am Damenflügel zu lösen.Ribli.} (16. c5 $6 Rd8 $15) 16... Qd7 {
Nun läßt sich etwa folgendes Fazit aus der Eröffnungsbehandlung ziehen:
Schwarz besitzt die Initiative auf dem Damenflügel und greift den Pc4 an. /\17.
..Nb4} 17. c5 (17. Rd1 b6 $5 {/\ 18....Na5 oder 18....Nb4}) (17. Rb1 {Ribli}
Nb4 18. Qa5) 17... Rd8 18. Rd1 e6 $5 19. Qd3 (19. Qxd6 $2 Qe8) 19... d5 {
Die letzten Züge veränderten die strategischen Pläne beider Seiten. Jetzt
steht Weiß aktiver am Damenflügel, während Schwarz Raumvorteil im Zentrum hat.
Die Hauptaufgabe des Schwarzen besteht in der Verwirklichung des Vorstoßes
e5-e4, der ihm erlauben wird, vom Zentrum her gegen den weißen König
vorzugehen, dessen Lage durch den Abtausch des Läufers auf g2 bereits
geschwächt wurde. Gleichzeitig muß Schwarz die Blockade im Zentrum vermeiden.
Jetzt ändert sich die Stellung. Schwarz baut eine starke Zentrumstellung auf,
und mit der Unterstützung des Läufers dringt er vor.Ribli.} 20. Rb1 {/\21.b4}
a5 21. b3 Qe7 (21... e5 22. e4 $5 Qe7 $15) 22. Qb5 e5 23. Bb2 Rd7 {Mit
einfachen Zügen verbessert Schwarz seine Stellung. Weiß hat kein Gegenspiel.
Ribli.} (23... e4 $6 24. Nd4 $11 {Die Blockade des Zentrums.}) (23... Rac8 {
/\24...e4} 24. Rbc1 $11) (23... d4 24. Qc4 $5 $13) 24. e3 Rad8 25. a3 (25. Rd2
{Ribli mit der Idee Rad1 kam in Betracht. Aber auch in diesem Fall steht
Schwarz aktiver. Ribli.}) 25... Qe6 (25... d4 26. e4 $5) 26. b4 axb4 27. axb4
d4 $1 $36 {Schwarz strebt die Öffnung des Spieles an, da er die Initiative
besitzt.} 28. exd4 (28. e4 $5 Qa2 $5 (28... d3 29. Nd2 $5 {/\30.Qc4}) (28... f5
29. Nd2 fxe4 30. Nxe4 $13) (28... Qb3 29. Ba1 (29. Bxd4 $2 Qe6 $19) 29... Qc2
30. Nd2 $13) 29. Ba1 d3 $15) (28. e4 {Ribli Das wäre natürlich weniger schön,
aber eine hartnäckige Verteidigung wäre noch möglich.Ribli.}) 28... e4 $5 (
28... exd4 29. Rd2 (29. Rd3 {Ribli Und Weiß könnte überleben.Ribli.}) 29... Qd5
$15) 29. Ng1 Bxd4 $5 30. Ne2 Bxb2 31. Rxd7 Rxd7 32. Rxb2 Qf6 $6 {Ehlvest
spielt diese Partie überzeugend. Der Turm hängt und es droht Qf3.Ribli.} (32...
e3 $1 33. f3 Qd5 $15) 33. Rb1 $2 (33. Rb3 $1 Rd2 (33... Ne5 34. Nf4 $13) 34.
Re3 $1 Nxb4 (34... Nd4 $2 35. Qe8+ Kg7 36. Qxe4 $16) 35. Qxb4 (35. Qe8+ Kg7 36.
Qxe4 Nc2 $13) 35... Rxe2 36. Rxe2 Qf3+ 37. Kg1 Qxe2 38. Qxb7 Qd1+ 39. Kh2 Qe2
40. Qb8+ Kg7 41. Qf4 $14) 33... Qf3+ $19 34. Kg1 Rd2 35. Re1 e3 {Weiß ist
hilflos gegen die vielfältigen Drohungen.Ribli.} 36. fxe3 Qxe3+ 37. Kf1 Qf3+
38. Kg1 Qe3+ {Ich glaube, Schwarz war in Zeitnot und wiederholte deshalb die
Züge.Ribli.} 39. Kf1 Nd4 0-1

[Event "Bundesliga 9293"]
[Site "Germany"]
[Date "1992.??.??"]
[Round "?.2"]
[White "Bangiev, Alexander J"]
[Black "Christiansen, Larry Mark"]
[Result "1/2-1/2"]
[WhiteElo "2385"]
[BlackElo "2555"]
[Annotator "Bangiev,A"]
[PlyCount "130"]
[EventDate "1992.10.24"]
[EventType "team-tourn"]
[EventRounds "15"]
[EventCountry "GER"]
[SourceTitle "CBM 038"]
[Source "ChessBase"]
[SourceDate "1994.02.01"]
[SourceVersion "1"]
[SourceVersionDate "1994.02.01"]
[SourceQuality "1"]
[WhiteTeam "Bielefeld"]
[BlackTeam "Porz"]
[WhiteTeamCountry "GER"]
[BlackTeamCountry "GER"]

1. d4 d6 2. c4 e5 3. dxe5 dxe5 4. Qxd8+ Kxd8 5. Nc3 Be6 6. e3 c6 7. Nf3 f6 8.
Be2 Nd7 9. O-O Nh6 10. Rd1 Kc7 11. Bd2 a5 12. Rac1 $14 {/\ Nd5} Nc5 $5 13. Be1
Nf7 14. Nd2 Be7 15. Nde4 Nxe4 16. Nxe4 Rhd8 (16... Bb4 $5) 17. Rxd8 Nxd8 18. g4
(18. a3 $5 Nf7 19. Bc3 b6 20. g4 Nd6 21. Nd2 $13) 18... Bb4 $5 19. Nc3 (19. Kf1
Bxe1 20. Kxe1 Nf7 $10) 19... Nf7 (19... Bxc3 20. Bxc3 Nf7 $14) 20. Kf1 $6 (20.
Nd5+ $5 Bxd5 (20... cxd5 21. cxd5+ Kd6 22. dxe6 Kxe6 23. Bxb4 axb4 24. Rc7 Nd6
25. Bd1 $5 $16) 21. cxd5 Bxe1 22. dxc6 $1 Bxf2+ (22... bxc6 23. Rxe1 $14) (
22... Bd2 23. cxb7+ (23. Rc2 $2 Rd8) 23... Kxb7 24. Bf3+ Kb6 $2 (24... Kb8 25.
Rc2 $14) 25. Rc6+ (25. Rd1 $2 Rd8 $17) 25... Kb5 26. a4+ $1 Kxa4 27. Rb6 $1 $18
) (22... Bb4 23. cxb7+ Kxb7 24. Bf3+ Kb8 25. Bxa8 Kxa8 26. Rc7 $14) 23. Kxf2
bxc6 24. Rxc6+ $1 Kxc6 25. Bf3+ $14) 20... b6 21. f3 (21. Nd5+ $6 Bxd5 22. cxd5
c5 $1 $15) 21... Rd8 22. a3 Bc5 23. Bf2 $6 (23. Kf2 Ng5 (23... Nd6 24. Na4 Nb7
25. Bc3 Be7 26. g5 $14) 24. Nd1 (24. h4 $6 Nh3+ $15) (24. Bf1 e4 $1 $15) (24.
Na4 Nh3+ 25. Kg3 Bxe3 26. Rc3 Bd2 $1 $15) 24... Nf7 25. h4 {/\ Nd1-c3-a4,Bc3})
23... Nd6 $1 24. Na4 Nb7 25. Ke1 Be7 26. Rc2 (26. Rd1 $6 Rxd1+ 27. Kxd1 b5 $15
(27... Nd6 28. Nxb6 $5 Kxb6 29. c5+ $1 Kc7 (29... Kxc5 $4 30. e4#) 30. cxd6+
Bxd6 $10)) 26... Nc5 27. Nxc5 Bxc5 28. Rd2 Re8 29. e4 $6 (29. Bd3 g6 30. Ke2
$10) 29... Bxf2+ 30. Kxf2 a4 $5 $15 31. Ke3 Ra8 32. Kd3 h5 33. h3 Rd8+ 34. Kc3
Rh8 35. Bf1 c5 36. Kc2 Bd7 37. Kd3 Kd6 38. Ke3+ Ke7 39. Rc2 Be6 40. Rd2 Bf7 41.
Rd1 Be6 42. Rd2 g5 43. Kf2 Bd7 (43... h4 44. Ke1 Bd7 45. Kd1 Rb8 46. Kc2 b5 47.
cxb5 Bxb5 48. Bxb5 Rxb5 49. Rd3 $1 c4 50. Rc3 $10) 44. gxh5 $5 (44. Rd1 h4 $1
$17 {/\ Rb8, b6-b5}) 44... Rxh5 45. Kg3 Rh8 46. Rh2 {/\ h4 =} Rh4 47. Bd3 Be6 (
47... f5 48. exf5 Kf6 49. Rc2 Bxf5 50. Bxf5 Kxf5 51. Rc3 Rd4 52. b3 $10) 48.
Rh1 Bd7 49. Rh2 Kf7 50. Rh1 Kg6 51. Rh2 Be6 (51... f5 52. exf5+ Bxf5 53. Bxf5+
Kxf5 54. Rc2 Rd4 55. Rc3 $10) 52. Bc2 (52. Rh1 Rh8 53. Rh2 Rd8 $16) 52... Bxc4
53. Bxa4 Be6 54. Bc2 c4 (54... f5 $5) 55. Ba4 Kf7 56. Bb5 Ke7 57. Rc2 $1 Rxh3+
58. Kg2 g4 59. fxg4 Rb3 60. Bxc4 Bxc4 61. Rxc4 Rxb2+ 62. Kg3 Rb3+ 63. Kh4 Rxa3
64. Rb4 Ra6 65. g5 Ra1 1/2-1/2

[Event "Olympiad-32"]
[Site "Yerevan"]
[Date "1996.09.21"]
[Round "6.4"]
[White "Dizdar, Goran"]
[Black "Hickl, Joerg"]
[Result "1-0"]
[WhiteElo "2535"]
[BlackElo "2600"]
[Annotator "Belov,I"]
[PlyCount "107"]
[EventDate "1996.09.15"]
[EventType "team-swiss"]
[EventRounds "14"]
[EventCountry "ARM"]
[SourceTitle "CBM 055"]
[Source "ChessBase"]
[SourceDate "1996.12.01"]
[SourceVersion "1"]
[SourceVersionDate "1996.12.01"]
[SourceQuality "1"]
[WhiteTeam "Croatia"]
[BlackTeam "Germany"]
[WhiteTeamCountry "CRO"]
[BlackTeamCountry "GER"]

1. d4 d6 2. Nf3 Bg4 3. c4 Nd7 4. Nc3 e5 5. g3 Bxf3 6. exf3 g6 (6... Ngf6 7. Bg2
Be7 (7... c6 8. O-O Be7 9. d5 (9. f4 $5 $14) 9... c5 10. f4 O-O 11. Qc2 (11.
Re1 $5) 11... exf4 12. Bxf4 Nh5 13. Bd2 g6 14. Rae1 Ng7 15. b3 Nf5 $132 {
Speelman,J-Bezold,M/Altensteig/1994/1:0/41/}) 8. O-O (8. dxe5 dxe5 9. f4 c6 10.
O-O exf4 (10... O-O 11. Re1 exf4 12. Bxf4 Re8 13. Qc2 Nf8 14. Rad1 Qa5 $10 {
Bacrot,E-Bezold,M/Cannes/1995/0,5/19/}) 11. Bxf4 Nc5 12. Re1 Ne6 13. Qb3 Nc5
14. Qb4 O-O 15. Rad1 Nfd7 16. Bh3 a5 $10 {Gagarin,V-Czerwonski,A/Katovice op/
1995/0,5/40/}) 8... O-O 9. f4 c6 10. Re1 exd4 11. Qxd4 Re8 12. Bd2 $1 Qb6 13.
Qxb6 Nxb6 14. b3 $14 {Alterman,B-Gulko,B/Elinite/1995/0,5/68/}) 7. f4 (7. dxe5
dxe5 8. f4 Bg7 9. Bg2 Ne7 10. O-O c6 11. fxe5 Nxe5 12. Qb3 Qc7 13. Bf4 O-O 14.
Rfe1 Nf5 15. Re4 Rad8 $10 {Hegde,R-Miles,A/Calcutta/1994/0:1/38/}) (7. d5 Bg7
8. Bg2 Ngf6 9. O-O O-O 10. f4 $14) 7... exf4 8. Bxf4 Bh6 (8... Bg7 9. Bg2 Qe7+
$5) 9. Bxh6 Nxh6 10. Qd2 Nf5 11. Bh3 Ng7 12. Qe3+ Kf8 $6 (12... Qe7 13. Qxe7+ (
13. Nd5 Qxe3+ 14. fxe3 Kd8 $10) 13... Kxe7 14. Nd5+ Kd8 15. O-O-O c6 $10) 13.
O-O Nf6 14. Qf3 Rb8 15. Rfe1 $16 h5 16. Ne4 (16. Qf4 h4 17. Bg2 hxg3 18. hxg3
Nf5 $14) (16. Re2 h4 17. Kg2 hxg3 18. hxg3 Rh5 $5) 16... Nxe4 17. Rxe4 g5 (
17... h4 18. Kg2 hxg3 19. hxg3 Nh5 $5) 18. Be6 (18. Bf5 Qf6 19. Bg4 Qxf3 (19...
Qg6 20. Bd7 c6 21. Rae1 $40) 20. Bxf3 Rh6 $14) 18... Nxe6 $8 19. Rxe6 Kg7 20.
Re4 Qf6 21. Qe3 (21. Qxf6+ Kxf6 22. Rae1 b5 $10) 21... Rh6 22. Re1 h4 23. g4 (
23. Re7 $5 hxg3 24. fxg3 $140) 23... h3 24. f4 $1 gxf4 25. Rxf4 Qg6 26. Ref1
Rf8 27. Qe7 Qe6 28. Qxc7 Rg6 29. Qxb7 $1 (29. d5 $4 Rxg4+ 30. Kh1 Rxf4 $1 $19)
29... Qxc4 (29... Rxg4+ 30. Rxg4+ Qxg4+ 31. Kh1 Qxd4 32. Qf3 $1 $16) 30. b3 Qe6
31. Qf3 f5 (31... Kg8 32. Qxh3 $18) 32. Qxh3 Rxg4+ (32... fxg4 33. Qg3 Rxf4 34.
Qxf4 Qe7 35. d5 $16) 33. Rxg4+ fxg4 34. Qd3 Rxf1+ 35. Kxf1 Qd5 36. Kf2 Qh1 37.
Qg3 Qd1 (37... Qe4 $5) 38. Qf4 Kh7 39. Kg3 $18 d5 40. Kh4 $1 Qe1+ 41. Kxg4 Qe2+
42. Qf3 Qxa2 43. Qxd5 a5 44. h4 Kh6 45. Qe6+ Kg7 46. Qe5+ Kf7 47. Qe3 Kg7 48.
d5 Kf6 49. Qe6+ Kg7 50. d6 Qg2+ 51. Kh5 Kh7 52. Qe7+ Kh8 53. Qf8+ Kh7 54. Qh6+
1-0

[Event "Rostov on Don"]
[Site "Rostov on Don"]
[Date "1993.??.??"]
[Round "?"]
[White "Lputian, Smbat G"]
[Black "Epishin, Vladimir"]
[Result "0-1"]
[WhiteElo "2610"]
[BlackElo "2620"]
[Annotator "Belov,I"]
[PlyCount "56"]
[EventDate "1993.05.??"]
[EventType "tourn"]
[EventRounds "11"]
[EventCountry "RUS"]
[EventCategory "14"]
[SourceTitle "CBM 036"]
[Source "ChessBase"]
[SourceDate "1993.10.01"]
[SourceVersion "1"]
[SourceVersionDate "1993.10.01"]
[SourceQuality "1"]

1. d4 {Ribli} d6 2. c4 e5 3. Nf3 e4 4. Ng1 $142 (4. Ng5 f5 5. Nc3) (4. Ng5 {
Ribli Lutsko,I-Ryskin,A/Nikolaev zt/1993/CBM35/}) 4... h6 $5 $146 (4... f5 5.
Nc3 Be7 6. Nh3 c6 7. g3 $14 {Lputian,S-Mokry,K Manila ol 1992/}) (4... Nf6 $6
5. Bg5 c6 6. Nc3 Bf5 7. e3 Be7 8. Nge2 $16) (4... f5 {Ribli Lputian,
S-Tischbierek,R/Dortmund-op/1992/CBM29/}) 5. Nc3 Nf6 6. e3 (6. g3 $5 c6 7. Bg2
Bf5 8. f3 d5 9. fxe4 dxe4 10. Nh3 {/\Nf2/}) 6... c6 7. Nge2 Bf5 8. Ng3 Bg6 9.
f3 (9. Be2 d5 (9... Be7 10. f3 exf3 11. Bxf3 $16) 10. O-O Be7 11. Qb3 Qd7 12.
f3 $13) 9... d5 10. cxd5 (10. fxe4 dxe4 11. Be2 Bd6 12. O-O Qc7 $10) 10... exf3
$1 (10... cxd5 $2 11. fxe4 dxe4 12. Bb5+ Nc6 13. O-O $16) 11. gxf3 $142 $6 (11.
dxc6 fxg2 12. Bxg2 Nxc6 13. O-O (13. Qb3 $13 {Ribli}) 13... Be7 14. Nf5 Bxf5
15. Rxf5 O-O 16. Bxc6 bxc6 17. e4 $16) 11... cxd5 12. Bd3 (12. Qb3 $5 {Ribli})
12... Bxd3 13. Qxd3 Nc6 $15 14. Bd2 Rc8 15. O-O g6 (15... Be7 {15...Bd6/} 16.
Nf5) 16. e4 $142 $6 (16. Nce2 Bg7 17. e4 dxe4 18. fxe4 O-O 19. Bc3 Ng4 $1 $15)
16... dxe4 17. fxe4 $6 (17. Ngxe4 Bg7 18. Nxf6+ Bxf6 19. Rae1+ Kf8 20. d5 Ne5
21. Qe2 Kg7 $15) 17... Bc5 $1 18. Kh1 (18. Nd5 Bxd4+ (18... Nxd5 19. dxc5) 19.
Be3 Nxd5 20. Bxd4 (20. exd5 {Ribli} Qxd5 21. Rad1 Rd8 22. Qe2 O-O $19) 20...
Ndb4 $19) (18. e5 Qxd4+ 19. Qxd4 Bxd4+ 20. Kh1 Bxe5 21. Rae1 Nd7 $19) 18...
Bxd4 19. Rad1 Ng4 $1 $19 20. Qe2 Qh4 21. Nb5 O-O 22. Rf4 $6 (22. Bf4 Be5 23.
Nd6 Rc7 $19) 22... h5 23. Nxd4 $6 $138 Nxd4 24. Qg2 Rc2 25. e5 Ne6 26. Rb4 a5
27. Re4 (27. Rxb7 Nf4 (27... Nf4 {Ribli} 28. Qg1 Nh3 $19)) 27... Rd8 28. h3 Rd3
0-1

[Event "Nathanya"]
[Site "Nathanya"]
[Date "1983.04.??"]
[Round "6"]
[White "Murey, Jacob"]
[Black "Pavlov, Mircea Sergiu"]
[Result "1-0"]
[WhiteElo "2500"]
[BlackElo "2400"]
[Annotator "Belov,I"]
[PlyCount "101"]
[EventDate "1983.04.??"]
[EventType "tourn"]
[EventRounds "9"]
[EventCountry "ISR"]
[EventCategory "9"]
[SourceTitle "MCL"]
[Source "ChessBase"]
[SourceDate "1999.07.01"]
[SourceVersion "1"]
[SourceVersionDate "1999.07.01"]
[SourceQuality "1"]

1. c4 e5 2. Nf3 d6 (2... e4 3. Nd4 Nc6 $10) 3. Nc3 g6 4. d4 Bg7 5. dxe5 dxe5 6.
Qxd8+ Kxd8 7. Bg5+ (7. Bd2 Be6 8. O-O-O Kc8 9. e3 h6 $1 10. Rg1 Nd7 11. g4 a5
$10 {Nalbandian,T-Rogers,I/Biel izt/1993/0:1/40/}) 7... f6 8. Rd1+ (8. O-O-O+
Nd7 9. Bd2 Nh6 10. Rg1 $1 Nf7 11. g4 Nd6 12. b3 $14 {Schmidt,Wl-Matulovic,M/
Nis/1977/}) 8... Nd7 (8... Ke8 9. Bc1 (9. Be3 $5) 9... Be6 10. e4 $6 (10. e3
$142) 10... c6 11. b3 Bf8 12. a3 a5 13. h3 Nh6 14. Be2 Nf7 $15 {Sokolov,
I-Ehlvest,J/Reggio/1988/0:1/52/}) 9. Bc1 c6 10. Ne4 (10. e3 Kc7 11. Be2 a5 12.
O-O Nc5 $10) 10... Kc7 11. Nd6 Ne7 12. b3 $5 $14 Nc5 (12... Nf5 13. Nxf5 gxf5
14. g3 $14) 13. Ba3 b6 $6 (13... Ne6 14. Nf7 Re8 15. Bd6+ Kb6 16. e3 Nf5 $13)
14. Bxc5 bxc5 15. Ne4 $16 Nf5 $1 16. e3 (16. Nxc5 $2 Bf8 17. Ne4 Bb4+ 18. Nfd2
Nd4 19. Rc1 f5 $17) 16... Kb6 17. Be2 h5 (17... a5 $5 18. Nc3 Bf8) 18. O-O Re8
19. Nfd2 $1 a5 20. Nb1 Be6 (20... a4 21. Nbc3 axb3 22. axb3 Ra3 23. Na4+ Kc7
24. Naxc5 $16) 21. Nbc3 Red8 22. Na4+ Kc7 23. Naxc5 Bf7 24. Na4 $1 Rxd1 25.
Rxd1 Rd8 26. Rxd8 Kxd8 27. Nb6 Kc7 28. c5 $1 g5 (28... Bf8 $5 29. Na4 Be7) 29.
Bd3 Bd5 30. Nc3 Ne7 (30... Be6 31. Bxf5 Bxf5 32. Nc4 Bf8 33. Na4 Bb1 34. Nxa5
Bxa2 35. Nc3 $18) 31. e4 Bg8 32. Bc4 Bh7 (32... Bf8 33. Bxg8 Nxg8 34. Nba4 $18)
33. Bf7 Ng6 $1 (33... h4 34. Nc4 $18) 34. Nc4 Bf8 35. Na4 Nf4 36. f3 h4 37.
Nxa5 Nd3 38. Nc4 Nxc5 39. Nxc5 Bxc5+ 40. Kf1 g4 $6 (40... Kd7 $142 41. Ke2 Ke7
$16) 41. Ke2 f5 $6 42. fxg4 $1 (42. Nxe5 Bd6 43. f4 Bxe5 44. fxe5 f4 $132)
42... fxg4 43. Kd3 $18 Bd4 44. Ne3 g3 $8 45. hxg3 hxg3 46. Ng4 Kd7 47. Nf6+ Ke7
48. Nxh7 Kxf7 49. Ng5+ Kf6 50. Nf3 Bb6 51. Nd2 1-0

[Event "Voskresensk"]
[Site "Voskresensk"]
[Date "1993.??.??"]
[Round "?"]
[White "Gleizerov, Evgeny"]
[Black "Tunik, Gennady"]
[Result "1-0"]
[WhiteElo "2525"]
[BlackElo "2490"]
[Annotator "Belov,I"]
[PlyCount "69"]
[EventDate "1993.??.??"]
[EventType "tourn"]
[EventRounds "11"]
[EventCountry "RUS"]
[EventCategory "9"]
[SourceTitle "CBM 038"]
[Source "ChessBase"]
[SourceDate "1994.02.01"]
[SourceVersion "1"]
[SourceVersionDate "1994.02.01"]
[SourceQuality "1"]

1. d4 d6 2. Nf3 Bg4 3. c4 Bxf3 4. exf3 Nd7 (4... c6 5. Nc3 g6 (5... Nf6 6. f4
g6 7. Be3 Bg7 8. Be2 O-O 9. O-O d5 10. c5 Nbd7 11. Qc2 e6 12. b4 a6 13. a4 Kh8
14. b5 axb5 15. axb5 $14 {Stohl,I-Jansa,V Stary Smokovce 1991/}) 6. Be2 Bg7 7.
O-O Nf6 8. Be3 O-O 9. d5 Nbd7 10. f4 Qa5 11. Rb1 Rfc8 12. b4 Qc7 13. Rc1 $14 {
Van der Sterren,P-Jansa,V Praha 1992/}) (4... g6 5. Nc3 Bg7 6. d5 Nf6 7. g3 $5
O-O 8. Bg2 e6 9. dxe6 fxe6 10. f4 Nc6 11. O-O $14 {Kasparov,G-Haik,A Evry 
(simult) 1988/}) 5. g3 (5. Nc3 g6 6. Be2 Bg7 7. Be3 e6 8. Qb3 Ne7 9. g4 O-O 10.
O-O-O c6 $13 {Kharitonov,A-Belikov,V Voskresensk A 1993; 6.g3!?/}) 5... g6 (
5... e6 6. Bg2 g6 7. Nc3 Bg7 8. f4 c6 9. d5 exd5 10. cxd5 c5 11. f5 $1 Ne7 12.
fxg6 hxg6 $13 {Taeger,W-Miles,A Bad Worishofen 1989 Inf 47/73/}) 6. Bg2 (6. f4
Bg7 7. Bh3 e6 8. O-O Ne7 9. Nc3 O-O 10. d5 exd5 11. Nxd5 Nb6 12. Qd3 Re8 13.
Rb1 c6 $10 {Garcia,Ilundain,D-Epishin,V Terrasa 1991/}) (6. d5 Bg7 7. Bg2 c6 8.
O-O Ngf6 9. Nc3 O-O 10. f4 Rc8 11. a3 Qa5 12. Re1 Rfe8 13. Rb1 $14 {Gleizerov,
E-Agrest,E S-Peterburg 1993/}) 6... Bg7 7. d5 (7. O-O Nh6 8. f4 Nf5 (8... c6 $5
) 9. Bxb7 Rb8 10. Bg2 Nxd4 11. Nc3 O-O 12. Rb1 c6 13. b3 Qc7 14. Bb2 Nc5 $10 {
Ivanchuk,V-Speelman,J Debrecen 1992 Inf 56/60/}) 7... h5 $146 (7... c6) (7...
Ngf6) 8. O-O Nh6 9. Nd2 (9. f4 $5 Nf5 10. Bh3 $14) 9... c5 $5 10. Bh3 Nf5 11.
Bxf5 gxf5 12. f4 h4 $8 13. Re1 (13. Qc2 hxg3 14. hxg3 Rh5 15. Nf3 Nf6) 13...
hxg3 14. hxg3 Nf6 15. Rb1 Kf8 16. Nf3 $14 (16. b4 cxb4 17. Rxb4 Qd7 18. Nf3 Ne4
$13) 16... Qd7 17. Qd3 e6 18. dxe6 fxe6 19. Ng5 Re8 20. Bd2 d5 21. cxd5 (21. b4
$5 b6 22. bxc5 bxc5 $16 23. cxd5 $14) 21... exd5 22. Rxe8+ Nxe8 23. Re1 Rh6 $1
24. Qe3 b6 25. b4 $1 (25. Ne6+ $6 Rxe6 26. Qxe6 Qxe6 27. Rxe6 Bxb2 $44) 25...
c4 26. b5 $1 (26. Ne6+ $6 Rxe6 27. Qxe6 Qxe6 28. Rxe6 d4 $13) 26... Nd6 27. Bb4
$5 Kg8 28. Bc3 Ne4 29. Bd4 $1 $16 Bf8 (29... Qxb5 30. Bxg7 Kxg7 31. f3 $1 Nxg5
32. fxg5 Rg6 33. Qe7+ $18) 30. f3 Nc5 (30... Nxg3 31. Qe8 $5 Qxe8 32. Rxe8 Nh5
33. Be5 $16) 31. Re2 Nd3 (31... Qxb5 32. Qe5 Qd7 33. Qb8 $1 {/\34.Re8/}) 32. a4
Qd6 $2 (32... Bc5 33. Qe8+ Qxe8 34. Rxe8+ Bf8 35. Ra8 $16) 33. Qe8 Qg6 34. Qd7
$18 Nb4 35. Re6 1-0